000 00948na a2200301 4500
001 17794
003 MIRAKIL
005 20181213154904.0
008 161104b tu 000 0
020 _a9751926793
040 _aMilas
_btur
_cTR-AnCHP
041 _atur
082 _a338.9621
_bE43 2001
090 _a338.9621 E43 2001
245 _aElektrik enerjisi özel ihtisas komisyonu raporu
_cDevlet Planlama Teşkilatı
246 _aElektrik enerjisi
260 _aAnkara
_bDPT
_c2001
300 _akrşk. s. (yaklaşık 250 s.)
_btbl.
_c27 sm.
440 _aDPT
_v2569
490 _aÖİK
_v585
610 _aDevlet Planlama Teşkilatı (DPT)
650 _aElektrik enerjisi
_xKalkınma planı, 2001
_yRaporlar
651 _aTürkiye
_xBeş yıllık kalkınma planları
710 _aDevlet Planlama Teşkilatı (DPT)
740 _aElektrik enerjisi
830 _aDevlet Planlama Teşkilatı Yayınları
942 _2ddc
_cBKS
999 _c2635
_d2635